000 00255nam a2200097Ia 4500
001 1252051
005 20251031150927.0
008 251031s9999 xx 000 0 und d
245 0 _cAYLA ÇINAROĞLU
_aP-4 ALTI MASAL ÜSTÜ MASAL
260 _bTUDEM YAYINLARI
999 _c1252051
_d1252051